Detalles MARC
| 000 -CABECERA |
| Longitud fija campo de control |
01994nam a2200409 c 4500 |
| 001 - NÚMERO DE CONTROL |
| Número de control |
24782 |
| 003 - IDENTIFICADOR DE NÚMERO DE CONTROL |
| Identificador del número de control |
ES-MaCES |
| 005 - FECHA Y HORA DE LA ÚLTIMA TRANSACCIÓN |
| Fecha y hora de la última transacción |
20180131142521.0 |
| 008 - CAMPO FIJO DE DESCRIPCIÓN FIJA--INFORMACIÓN GENERAL |
| Códigos de información de longitud fija |
121211s2012 sz t i100 | spa d |
| 020 ## - ISBN (INTERNATIONAL STANDARD BOOK NUMBER) |
| Número Internacional Normalizado para Libros (ISBN) |
9789223244873 |
| 020 ## - ISBN (INTERNATIONAL STANDARD BOOK NUMBER) |
| Número Internacional Normalizado para Libros (ISBN) |
9789223244800 (web pdf) |
| 035 ## - NÚMERO DE CONTROL DEL SISTEMA |
| Número de control del sistema |
CES20120007805m |
| 040 ## - FUENTE DE CATALOGACIÓN |
| Centro catalogador de origen |
ES-MaCES |
| Lengua de catalogación |
spa |
| Centro transcriptor |
ES-MaCES |
| 111 2# - ENCABEZAMIENTO PRINCIPAL--NOMBRE DE REUNIÓN |
| Nombre de congreso o jurisdicción como elemento de entrada |
Conferencia Internacional del Trabajo |
| Unidad subordinada |
Reunión |
| Número del congreso o número de parte o sección de la obra |
101ª |
| Fecha del congreso |
2012 |
| Sede del congreso |
Ginebra |
| 9 (RLIN) |
1170 |
| 245 10 - MENCIÓN DE TÍTULO |
| Título |
Informe de la Comisión de Expertos en Aplicación de Convenios y Recomendaciones |
| Resto del título |
: (artículos 19, 22 y 35 de la Constitución) : tercer punto del día, informaciones y memorias sobre la aplicación de convenios y recomendaciones |
| Mención de responsabilidad, etc. |
Conferencia Internacional del Trabajo, 101ª Reunión, 2012 |
| 250 ## - MENCIÓN DE EDICIÓN |
| Mención de edición |
1ª ed |
| 260 ## - PUBLICACIÓN, DISTRIBUCIÓN, ETC (PIE DE IMPRENTA) |
| Lugar de publicación, distribución, etc. |
Ginebra |
| Nombre del editor, distribuidor, etc. |
Oficina Internacional del Trabajo |
| Fecha de publicación, distribución, etc. |
2012 |
| 300 ## - DESCRIPCIÓN FÍSICA |
| Extensión |
XXXI, 1123 p. |
| Dimensiones |
30 cm |
| Material anejo |
corrigéndum (1 h.) |
| 500 ## - NOTA GENERAL |
| Nota general |
En la port., además: Informe III (Parte 1A), informe general y observaciones referidas a ciertos países |
| 500 ## - NOTA GENERAL |
| Nota general |
Tít. de la cub.: Aplicación de las normas internacionales del trabajo 2012 (I) |
| 541 ## - NOTA DE LA FUENTE INMEDIANTE DE ADQUISICIÓN |
| Forma de adquisición |
Suscripción conjunta |
| 650 #4 - ASIENTO SECUNDARIO DE MATERIA--TÉRMINO DE MATERIA |
| Término de materia o nombre geográfico como elemento inicial |
Convenio de la OIT |
| 9 (RLIN) |
29026 |
| 650 #4 - ASIENTO SECUNDARIO DE MATERIA--TÉRMINO DE MATERIA |
| Término de materia o nombre geográfico como elemento inicial |
Recomendación de la OIT |
| 9 (RLIN) |
29034 |
| 650 #4 - ASIENTO SECUNDARIO DE MATERIA--TÉRMINO DE MATERIA |
| Término de materia o nombre geográfico como elemento inicial |
ratificación |
| 9 (RLIN) |
29905 |
| 650 #4 - ASIENTO SECUNDARIO DE MATERIA--TÉRMINO DE MATERIA |
| Término de materia o nombre geográfico como elemento inicial |
aplicación |
| 9 (RLIN) |
29859 |
| 650 #4 - ASIENTO SECUNDARIO DE MATERIA--TÉRMINO DE MATERIA |
| Término de materia o nombre geográfico como elemento inicial |
2012 |
| 9 (RLIN) |
31808 |
| 650 #4 - ASIENTO SECUNDARIO DE MATERIA--TÉRMINO DE MATERIA |
| Término de materia o nombre geográfico como elemento inicial |
informe |
| 9 (RLIN) |
28986 |
| 653 10 - TÉRMINO DE INDEXACIÓN--NO CONTROLADO |
| Término no controlado |
Relaciones laborales-Empleo |
| 710 2# - ENCABEZAMIENTO SECUNDARIO--NOMBRE CORPORATIVO |
| Nombre de entidad o nombre de jurisdicción como elemento inicial |
Organización Internacional del Trabajo |
| Unidad subordinada |
Comisión de Expertos en Aplicación de Convenios y Recomendaciones |
| 9 (RLIN) |
4723 |
| 740 02 - ENCABEZAMIENTO SECUNDARIO--TÍTULO ANALÍTICO/RELACIONADO NO CONTROLADO |
| Título relacionado o analítico no controlado |
Aplicación de las normas internacionales del trabajo 2012 (I) |
| 787 0# - ENTRADA DE OTRAS ESPECIFICACIONES |
| Título |
Documento informativo sobre ratificaciones y actividades normativas |
| Número de control del registro relacionado |
(ES-MaCES)24781 |
| 787 0# - ENTRADA DE OTRAS ESPECIFICACIONES |
| Título |
Informe de la Comisión de Expertos en Aplicación de Convenios y Recomendaciones |
| Número de control del registro relacionado |
(ES-MaCES)23983 |
| 710 2# - ENCABEZAMIENTO SECUNDARIO--NOMBRE CORPORATIVO |
| 9 (RLIN) |
4718 |
| Nombre de entidad o nombre de jurisdicción como elemento inicial |
Organización Internacional del Trabajo |
| Término indicativo de función |
ed. |
| 902 ## - CES. TIPO DE DOCUMENTO |
| Tipodoc (006$c Sirtex) |
LIB Libro |
| 942 ## - ELEMENTOS KOHA |
| Fuente de clasificaión o esquema |
Clasificación propia del CES |
| Koha [por defecto] tipo de item |
Monografías |
| Parte de clasificación |
2.0. |